[Event "Kurnosov Memorial Rapid 2020"]
[Site "Chelyabinsk"]
[Date "2020.09.05"]
[Round "8.6"]
[White "Timofeev, Artyom"]
[Black "Lysyj, Igor"]
[Result "1/2-1/2"]
[WhiteElo "2580"]
[BlackElo "2594"]
[Annotator "TA"]
[PlyCount "73"]
[EventDate "2020.09.04"]
[EventType "swiss"]
[EventCountry "RUS"]
[SourceTitle "playchess.com"]
[Source "ChessBase"]
[SourceQuality "1"]

{[%evp 20,73,0,0,0,-10,0,0,13,-25,-11,-18,18,16,12,11,18,11,11,10,20,6,41,17,30,24,41,12,57,28,39,0,0,0,0,0,10,0,4,6,27,18,32,0,0,0,8,0,10,24,17,7,11,0,0,0]} 1. Nf3 Nf6 2. g3 d5 3. Bg2 e6 4. b3 Be7 5. Bb2 O-O 6. O-O b6 7. d3 Bb7 8. Nbd2 c5 9. e3 Nc6 10. Qe2 Qc7 11. c4 Rfd8 {A14: English Opening: 1...e6 with b3 by White.} 12. Rac1 $5 {[%mdl 4] Exploring less charted territory.} dxc4 13. Nxc4 {[#]} Rac8 $146 (13... b5 $5 {[%cal Rb5c4]} 14. Nce5 Nxe5 15. Nxe5 Bxg2 16. Kxg2 Nd7 17. Nxd7 Qxd7 $11) ({Predecessor:} 13... Nb4 14. Rcd1 Nd7 15. a3 Nc6 16. Rc1 b5 17. Ncd2 Qb6 18. Ne4 a5 19. Nc3 Bf6 {½-½ (39) Ljubojevic,L (2571)-Karpov,A (2623) Platja d'Aro 2018}) 14. a3 b5 15. Ncd2 Qb6 16. Rc2 Nb8 17. Rfc1 Nbd7 18. h3 a6 19. e4 Ne8 20. h4 Nf8 21. Qe3 Qd6 22. Bf1 Qb8 23. a4 Ba8 (23... Nd7 {with more complications.} 24. Bc3 Nef6 25. Qe1 Re8 26. Bh3 h6) 24. axb5 (24. Be5 $5 {[%cal Re5b8]} Qb7 25. axb5 axb5 26. Ra2 $14) 24... axb5 25. d4 cxd4 26. Nxd4 Rxc2 27. Rxc2 b4 28. Nc6 Bxc6 $1 29. Rxc6 Qa8 30. Ra6 Qc8 31. Ra5 Qc2 32. Nc4 Nf6 33. Bxf6 Bxf6 34. e5 Be7 35. Ra7 {The position is equal.} Rd7 36. Rxd7 Nxd7 37. Qd3 {Accuracy: White = 75%, Black = 86%.} 1/2-1/2

[Event "Kurnosov Memorial Rapid 2020"]
[Site "Chelyabinsk"]
[Date "2020.09.05"]
[Round "8.7"]
[White "Sarana, Alexey"]
[Black "Frolyanov, Dmitry"]
[Result "1-0"]
[WhiteElo "2654"]
[BlackElo "2546"]
[Annotator "TA"]
[PlyCount "99"]
[EventDate "2020.09.04"]
[EventType "swiss"]
[EventCountry "RUS"]
[SourceTitle "playchess.com"]
[Source "ChessBase"]
[SourceQuality "1"]

{[%evp 15,99,13,13,19,25,2,14,16,4,-60,6,-45,-59,-77,-26,-28,-26,-53,-38,-39,-20,-52,-4,-21,-6,-79,0,0,0,0,0,0,0,-13,-5,-28,0,0,3,6,14,0,6,12,17,9,25,0,0,0,0,0,0,0,0,0,123,119,104,37,231,224,508,526,527,508,489,438,856,797,650,655,528,497,6929,6901,12839,12839,12840,12840,12840,12841,12841,12840,12841,12842]} 1. Nf3 d5 2. d4 Nf6 3. c4 e6 4. Bg5 Bb4+ 5. Nc3 dxc4 6. e4 h6 7. Bxf6 Qxf6 8. Bxc4 c5 9. O-O {Hoping for Nb5. D39: Queen's Gambit Declined: Ragozin Defence with 5 Bg5 dxc4.} cxd4 10. e5 Qd8 11. Ne4 {The position is equal.} O-O 12. Nxd4 $5 {[%mdl 4] [#] Leaves trodden paths.} (12. Qe2 $11) 12... Be7 $146 (12... Qc7 $1 $15 13. a3 Be7) ({Predecessor:} 12... Bd7 13. Qg4 Kh8 14. Rad1 Qc7 15. Bb3 Qxe5 16. Ng3 Qg5 17. Qe4 Bc6 18. Nxc6 Nxc6 {0-1 (45) Wichmann,C (2128)-Bluebaum,M (2521) Playchess.com INT 2020}) 13. Qg4 (13. Rc1 $11) 13... Nd7 $1 $15 {[%cal Rd7e5]} ({Avoid the trap} 13... Qxd4 $2 {[#]} 14. Nf6+ $1 {[%mdl 512]} Bxf6 15. Qxd4 $18) 14. Nf3 Qa5 (14... Qc7 $17 15. Bxe6 Nxe5 16. Nxe5 Bxe6) 15. Qf4 $11 b5 16. Bd3 Bb7 17. Rfd1 Rfd8 18. Rac1 Rac8 (18... Qa4 $5 {[%cal Rd7c5]} 19. b3 Qb4 $15) 19. Rxc8 Rxc8 20. Bb1 (20. Nd6 $11 Bxd6 21. exd6) 20... Bd5 (20... Rd8 $17 {...Nxe5! is the strong threat.} 21. h3 Bd5) 21. Nc3 $1 {[%cal Rc3d5]} Bc6 22. Nd4 Nf8 23. Nxc6 Rxc6 24. Qe4 Rc7 25. g3 b4 26. Ne2 Rc5 27. f4 Qc7 28. b3 a5 29. Kg2 Qc8 30. h4 h5 31. Bd3 g6 32. Bc4 Rc7 33. Nd4 $36 {[%mdl 2048] White has good play.} Kg7 34. Nb5 Rd7 35. Nd6 Qc5 (35... Bxd6 $11 36. exd6 Qb7) 36. Bb5 $16 Ra7 {[#] Threatens to win with ...Bxd6.} 37. Be8 (37. Rd2 $16) 37... Bxd6 $2 {Loses the game.} ({Black should try} 37... Rc7 $14) 38. exd6 $18 Nd7 $2 (38... Ra8 {was necessary.}) 39. Bxd7 $1 {White is clearly winning.} Rxd7 40. Qe5+ Qxe5 41. fxe5 {[%mdl 4096] Endgame KR-KR} Kf8 (41... g5 $142 42. Kf3 (42. hxg5 Kg6 $16) 42... Kg6) 42. Rc1 Rd8 43. Kf3 Ke8 44. Kf4 a4 (44... Kf8 $142 45. Kg5 Kg7) 45. Kg5 axb3 46. axb3 Ra8 47. Kf6 Ra3 48. Rc8+ Kd7 49. Rc7+ Kd8 50. Rxf7 {Accuracy: White = 76%, Black = 58%.} 1-0

[Event "Kurnosov Memorial Rapid 2020"]
[Site "Chelyabinsk"]
[Date "2020.09.05"]
[Round "8.8"]
[White "Aleksandrov, Aleksej"]
[Black "Faizrakhmanov, Ramil"]
[Result "1-0"]
[WhiteElo "2608"]
[BlackElo "2451"]
[Annotator "TA"]
[PlyCount "47"]
[EventDate "2020.09.04"]
[EventType "swiss"]
[EventCountry "RUS"]
[SourceTitle "playchess.com"]
[Source "ChessBase"]
[SourceQuality "1"]

{[%evp 16,47,35,27,59,77,60,72,66,52,129,131,299,305,389,396,363,339,427,397,413,413,569,568,629,429,437,430,749,726,29994,29995,29996,29997]} 1. d4 Nf6 2. c4 e6 3. Nc3 Bb4 4. e3 O-O 5. Bd3 c5 6. Nf3 b6 7. Bd2 Bb7 8. a3 Bxc3 9. Bxc3 Ne4 {E43: Nimzo-Indian: Rubinstein: 4...b6.} 10. Bxe4 $1 Bxe4 11. dxc5 bxc5 {White is better.} 12. Qd6 {And now Qe5! would win.} Bxf3 ({Black should try} 12... f6 $14) 13. gxf3 $40 {[%mdl 128] White has strong attack.} Qb6 $2 {[#]} (13... f6 $16 {was necessary.}) 14. Qg3 $1 $18 {[%csl Gc3][%cal Rg3g7]} f6 15. Rg1 {[%csl Gg1][%cal Rg3g7]} g6 16. h4 {[#]} Nc6 $146 ({Predecessor:} 16... e5 17. f4 Qe6 18. fxe5 fxe5 19. Qxe5 Qxe5 20. Bxe5 Nc6 21. Bc3 Rae8 22. Rd1 Ne5 23. Bxe5 Rxe5 24. Rxd7 {1-0 (41) Van Scheltinga,T-Trifunovic,P Beverwijk 1963}) 17. h5 Ne7 18. O-O-O Rad8 19. hxg6 hxg6 20. Rh1 {Threatens to win with Qh4!} e5 21. f4 d6 {[#]} (21... Qe6 $142 22. fxe5 fxe5 23. Qxe5 Qxe5 24. Bxe5 Nc8) 22. f5 $1 {[%mdl 512]} g5 (22... Nxf5 23. Qxg6+) 23. Qh3 {[%csl Gh1][%cal Rh3h7]} Kf7 24. Qh5+ {Black did not feel at home in the position after the opening. Accuracy: White = 88%, Black = 20%.} 1-0

[Event "Kurnosov Memorial Rapid 2020"]
[Site "Chelyabinsk"]
[Date "2020.09.05"]
[Round "8.9"]
[White "Artemiev, Vladislav"]
[Black "Belyakov, Bogdan"]
[Result "1-0"]
[WhiteElo "2716"]
[BlackElo "2481"]
[Annotator "TA"]
[PlyCount "49"]
[EventDate "2020.09.04"]
[EventType "swiss"]
[EventCountry "RUS"]
[SourceTitle "playchess.com"]
[Source "ChessBase"]
[SourceQuality "1"]

{[%evp 12,49,23,24,29,29,28,23,14,14,14,0,16,8,53,0,13,12,18,6,4,5,2,16,39,39,23,33,158,132,1022,333,1404,1265,1672,1639,1577,1559,1979,1739]} 1. d4 Nf6 2. Nf3 g6 3. g3 Bg7 4. Bg2 O-O 5. O-O d6 6. Nc3 Nbd7 7. a4 a5 {A49: 1 d4 Nf6 2 Nf3 g6 3 g3: Anti-King's Indian systems.} 8. Re1 $5 {[%mdl 4] [#] Leaves trodden paths.} Re8 $146 ({Predecessor:} 8... e5 9. e4 b6 10. h3 Re8 11. Be3 Bb7 12. Nh4 exd4 13. Bxd4 Qc8 14. Kh2 Nc5 15. Nd5 Bxd5 16. exd5 Rxe1 17. Qxe1 {1-0 (62) Delorme,A (2322)-Golubev,M (2461) chess.com INT 2020}) 9. Bf4 Nh5 {White has an edge.} 10. Be3 Nhf6 11. Qd2 c6 12. Bh6 Bh8 13. Rad1 ({White should try} 13. h3 $14) 13... e5 14. dxe5 dxe5 15. Ng5 {Black should prevent Nge4.} Ng4 16. Nge4 {With the idea Bg5.} Nxh6 17. Qxh6 {[#] And now Ng5 would win.} Qe7 18. Nd6 $40 {[%mdl 128] White mounts an attack.} Rd8 19. Bh3 Bf6 ({Black should play} 19... Bg7 $14 20. Qd2 f5) 20. Nce4 $16 Nb6 $2 {[%mdl 8192] Loses the game.} (20... Bg7 $16 21. Qg5 Kf8) 21. Bxc8 $2 (21. Nxf6+ Qxf6 22. Ne4) 21... Nxc8 $2 {[#]} (21... Rxd6 22. Rxd6 Bg7) 22. Nf5 $1 {[%mdl 512] White is clearly winning.} Rxd1 (22... gxf5 23. Nxf6+) 23. Nxe7+ Bxe7 24. Rxd1 f5 25. Ng5 {Accuracy: White = 78%, Black = 49%.} 1-0

[Event "Kurnosov Memorial Rapid 2020"]
[Site "Chelyabinsk"]
[Date "2020.09.05"]
[Round "8.10"]
[White "Fedoseev, Vladimir"]
[Black "Maltsevskaya, Aleksandra"]
[Result "1-0"]
[WhiteElo "2678"]
[BlackElo "2272"]
[Annotator "TA"]
[PlyCount "43"]
[EventDate "2020.09.04"]
[EventType "swiss"]
[EventCountry "RUS"]
[SourceTitle "playchess.com"]
[Source "ChessBase"]
[SourceQuality "1"]

{[%evp 9,43,20,21,12,23,-7,37,14,35,2,56,46,154,157,206,197,208,207,186,192,241,246,321,325,331,336,362,311,420,420,577,566,1309,1300,29992,29993]} 1. e4 c6 2. d4 d5 3. f3 g6 4. e5 Bg7 5. f4 Nh6 6. Nf3 {B12: Caro-Kann: Advance Variation.} O-O 7. Bd3 c5 8. dxc5 $5 {[%mdl 4] White is slightly better. An interesting side line.} Qa5+ 9. Nbd2 {[%cal Bb1d2,Bd2b3,Bb3d4][%mdl 32] [#]} Nf5 $146 (9... f6 $11) ({Predecessor:} 9... Qxc5 10. Nb3 Qb6 11. Qe2 Nc6 12. Be3 Qc7 13. c3 Bg4 14. h3 Bxf3 15. Qxf3 e6 16. g4 a5 {½-½ (31) Alvarez Lora,A-Mejia,R (2220) Bogota 1991}) 10. Qe2 $14 Nc6 (10... h5 $14) 11. c3 $16 Qxc5 12. Nb3 Qb6 13. g4 Nh6 {[#]} 14. h3 $1 f6 {[#] and if ...fxe5 works, Black does fine.} 15. e6 $1 a5 16. Be3 Qc7 17. Nbd4 Kh8 18. f5 gxf5 19. gxf5 a4 20. Rg1 {White threatens Qg2 and mate.} Ne5 21. Nxe5 {Qg2! would kill now.} fxe5 {[#]} 22. Qg2 $1 {[%mdl 512] White took control after the opening. Accuracy: White = 81%, Black = 13%.} 1-0

[Event "Kurnosov Memorial Rapid 2020"]
[Site "Chelyabinsk"]
[Date "2020.09.05"]
[Round "8.11"]
[White "Kokarev, Dmitry"]
[Black "Naumkin, Igor"]
[Result "1-0"]
[WhiteElo "2611"]
[BlackElo "2365"]
[Annotator "TA"]
[PlyCount "129"]
[EventDate "2020.09.04"]
[EventType "swiss"]
[EventCountry "RUS"]
[SourceTitle "playchess.com"]
[Source "ChessBase"]
[SourceQuality "1"]

{[%evp 18,129,0,-5,0,-14,-10,-45,0,-27,73,61,78,74,89,92,195,176,246,97,97,91,106,0,0,0,0,0,0,0,2,-15,0,0,0,0,0,0,38,38,44,44,36,40,33,35,72,65,82,48,56,54,60,28,22,17,22,16,12,2,59,13,95,50,63,60,77,80,73,24,21,0,156,164,248,232,234,245,284,274,456,481,456,462,461,461,445,446,438,438,422,415,472,455,1120,1122,1117,1050,853,903,775,767,841,833,1048,983,6470,6842,4930,4906,8021,5642,4922,4918]} 1. e4 e5 2. Nf3 Nc6 3. Bb5 a6 4. Ba4 Nf6 5. O-O Be7 6. Bxc6 dxc6 7. d3 Nd7 8. b3 O-O 9. Bb2 f6 10. Nbd2 Nc5 {C85: Closed Ruy Lopez: Deferred Exchange Variation.} 11. Nh4 g6 12. g3 Ne6 {Black is slightly better.} 13. Kh1 {[#]} c5 $146 (13... Nd4 $11 {remains equal.}) ({Predecessor:} 13... Ng7 14. Ng2 Bh3 15. f4 exf4 16. gxf4 f5 17. Qf3 Bxg2+ 18. Qxg2 Bf6 19. e5 Be7 {1-0 (34) Varga,Z (2520)-Lengyel,B (2385) Budapest 1998}) 14. f4 $16 exf4 15. gxf4 Ng7 16. f5 gxf5 (16... Qe8 $16 {is a better defense.}) 17. Rg1 $18 ({Don't do} 17. exf5 $6 c4 $16) 17... Rf7 18. Nxf5 (18. Qh5 $18 {is more deadly.}) 18... Bxf5 $16 19. exf5 Qd5+ 20. Qf3 ({White should try} 20. Ne4 $16) 20... Qxf3+ $11 21. Nxf3 Kf8 22. Nh4 Bd6 23. Rae1 Re8 24. Kg2 (24. Re4 {looks sharper.} Nh5 25. Rgg4 Rfe7 26. Ng2 Kf7 27. Rh4) 24... Rxe1 25. Rxe1 Bf4 26. Ba3 $36 {[%mdl 2048] White is more active.} b6 27. d4 Bd6 28. dxc5 Bxc5 29. Bxc5+ bxc5 $14 {[%mdl 4096] Endgame KRN-KRN} 30. Rd1 Re7 31. Rd8+ Kf7 32. Kf3 Ne8 33. Ra8 Nd6 34. Rxa6 Nb5 35. Kf4 Nd4 36. Ra5 Nxc2 37. Rxc5 Nb4 {aiming for ...Nd3+.} 38. Rc4 Nxa2 (38... Nd3+ $11 39. Kg3 Re3+ 40. Kg2 c5) 39. Nf3 Rd7 (39... c5 $1 $11) 40. h4 h5 41. Ke3 Ke7 42. Nd4 Kd6 43. Nb5+ Ke5 44. Nd4 Kd5 $2 {[#] White stays focused until the end.} (44... Kd6 $11) 45. Ne2 $1 $16 Re7+ (45... c5 $142) 46. Kf3 $18 c5 47. Nf4+ {[%mdl 64] Double Attack} Kd6 {intending ...Rb7.} 48. Nxh5 Nb4 $2 (48... Rf7 49. Ng3 Rc7) 49. Nxf6 Ke5 50. Ng4+ Kxf5 51. Rxc5+ Kg6 52. h5+ Kh7 53. Rb5 Nc6 {Strongly threatening ...Nd4+.} 54. Kf4 Nd4 55. Rb6 {White is clearly winning.} Rf7+ (55... Ne6+ $142 56. Kg3 Nd4) 56. Ke4 Ne2 57. Rh6+ Kg7 58. Rg6+ Kf8 59. h6 Ng3+ 60. Kd5 Nf5 61. Rg5 Ke7 {[#]} 62. h7 $1 {[%mdl 64] Deflection} Rxh7 63. Rxf5 Rh3 64. Re5+ Kd8 65. Ne3 {Accuracy: White = 75%, Black = 58%.} 1-0

[Event "Kurnosov Memorial Rapid 2020"]
[Site "Chelyabinsk"]
[Date "2020.09.05"]
[Round "8.12"]
[White "Zakhartsov, Vladimir"]
[Black "Predke, Alexandr"]
[Result "0-1"]
[WhiteElo "2486"]
[BlackElo "2684"]
[Annotator "TA"]
[PlyCount "94"]
[EventDate "2020.09.04"]
[EventType "swiss"]
[EventCountry "RUS"]
[SourceTitle "playchess.com"]
[Source "ChessBase"]
[SourceQuality "1"]

{[%evp 9,94,14,0,-15,1,-17,-6,-47,-42,-32,-10,-14,-5,-6,0,-38,-10,0,0,-71,-60,-141,-150,-200,-196,-167,-168,-141,-154,-157,-133,-130,-126,-122,-108,-126,-84,-87,-77,-87,-87,-87,-87,-87,-87,-82,-81,-87,-80,-87,-87,-87,-87,-94,-95,-87,-87,-211,-211,-183,-216,-386,-386,-331,-331,-597,-593,-570,-527,-527,-522,-518,-493,-507,-507,-708,-702,-739,-698,-674,-640,-676,-638,-12843,-1034,-12848,-12848]} 1. Nf3 d5 2. d4 Nf6 3. g3 c6 4. Bg2 Bf5 5. O-O e6 6. a4 {D02: 1 d4 d5 2 Nf3 sidelines, including 2...Nf6 3 g3 and 2...Nf6 3 Bf4.} a5 {[#]} 7. c4 $146 ({Predecessor:} 7. c3 Nbd7 8. Qb3 Qb6 9. Qxb6 Nxb6 10. Ne5 Bxb1 11. Rxb1 Nxa4 12. c4 Nb6 13. c5 Nbd7 {½-½ (31) Lukasiewicz,G (2335)-Gibiec,E (2275) Wisla 1992}) 7... Na6 8. Qb3 {The position is equal.} Nb4 9. Na3 h6 10. Bd2 Be7 11. Rfc1 O-O 12. c5 (12. Bxb4 $5 axb4 13. Nc2 $11) 12... b6 13. Bxb4 axb4 14. Qxb4 {[#]} (14. Ne5 $1 $11 {keeps the balance.} bxa3 15. Nxc6) 14... Nd7 $1 $17 15. Nb1 ({White should play} 15. Nc2 $15) 15... bxc5 16. dxc5 Nxc5 17. Qc3 Nxa4 ({Don't take} 17... Rxa4 18. Rxa4 Nxa4 19. Qxc6 $17) 18. Qxc6 Nxb2 19. Nbd2 Bf6 20. e4 Rxa1 21. Rxa1 dxe4 22. Nxe4 Bxe4 23. Qxe4 Qb6 24. Ra8 g6 25. Rxf8+ Kxf8 26. h4 Qc5 27. Qe2 Kg7 28. Nd2 Qd4 29. Be4 Na4 30. Qd3 Qb4 31. Bf3 Nc5 32. Qc2 Bd4 33. Ne4 {This move loses the game for White.} (33. Kg2 $17) 33... Qe1+ $19 34. Kg2 Nxe4 35. Bxe4 $2 {[#]} (35. Qxe4 Qxf2+ 36. Kh3) 35... Bxf2 $1 {[%mdl 512] Threatens to win with ...Qg1+.} 36. Qb2+ {[#]} (36. Qxf2 Qxe4+) 36... Kh7 $1 {White must now prevent ...Qg1+.} 37. Qb7 $2 (37. Qb1 {was the only defense.} Bxg3 38. Qxe1 Bxe1 39. h5) 37... Qg1+ {Black is clearly winning.} 38. Kf3 Qxg3+ {[%mdl 64] Double Attack} 39. Ke2 Kg7 40. h5 {intending hxg6.} g5 41. Qb2+ e5 {Strongly threatening ...Qe3+.} 42. Qb7 Bd4 43. Bd5 Qe3+ 44. Kd1 Qf2 {...Be3 is the strong threat.} 45. Qc7 Qg1+ 46. Ke2 Qh2+ 47. Kd3 {[#]} e4+ $1 {[%mdl 64] Discovered Attack. Accuracy: White = 56%, Black = 88%.} 0-1

[Event "Kurnosov Memorial Rapid 2020"]
[Site "Chelyabinsk"]
[Date "2020.09.05"]
[Round "9.1"]
[White "Matlakov, Maxim"]
[Black "Drygalov, Andrey"]
[Result "1-0"]
[WhiteElo "2685"]
[BlackElo "2495"]
[Annotator "TA"]
[PlyCount "69"]
[EventDate "2020.09.04"]
[EventType "swiss"]
[EventCountry "RUS"]
[SourceTitle "playchess.com"]
[Source "ChessBase"]
[SourceQuality "1"]

{[%evp 13,69,0,0,0,0,-10,0,0,40,8,7,-14,16,14,22,16,18,1,0,0,0,6,52,51,40,43,168,146,228,205,199,214,314,327,411,403,404,404,377,384,485,481,448,321,338,329,483,469,446,436,429,429,560,560,631,621,593,585]} 1. d4 Nf6 2. Nf3 g6 3. g3 Bg7 4. Bg2 d5 5. O-O O-O 6. c3 Nbd7 7. a4 {7.Bf4 is the recent fashion.} a5 8. Bf4 {D02: 1 d4 d5 2 Nf3 sidelines, including 2...Nf6 3 g3 and 2...Nf6 3 Bf4.} c6 9. Na3 Nh5 10. Bg5 {[#] The position is equal.} Qb6 $146 ({Predecessor:} 10... h6 11. Bd2 f5 12. c4 e6 13. b4 axb4 14. Bxb4 Re8 15. Qb3 Nhf6 16. e3 Ne4 {½-½ (31) Gritsak,O (2471)-Tazbir,M (2519) Poronin 2017}) 11. c4 e6 12. Qc2 Nhf6 13. Rfd1 Re8 14. Rac1 Ne4 15. Be3 Qd8 16. Nb1 {[%cal Ba3b1,Bb1c3,Bc3b5,Bb5c7][%mdl 32]} Nd6 17. b3 Nf5 18. Bf4 Qb6 {[%cal Rf5d4]} 19. e3 dxc4 {Loses the game.} (19... f6 $14) 20. bxc4 $18 ({Don't take} 20. Qxc4 $6 e5 $14) 20... c5 (20... e5 $16) 21. Nc3 cxd4 22. exd4 h6 (22... Qd8 $142 23. Nb5 Rf8) 23. Nb5 g5 24. Bc7 Qa6 25. g4 Ne7 26. Bg3 {[#] Strongly threatening Nc7.} Nf6 27. Nc7 Qa7 28. Nxa8 Qxa8 29. Ne5 Bd7 (29... Nd7 $142 30. Qb3 Nxe5) 30. d5 {White is clearly winning.} Qc8 31. h3 exd5 32. Nxd7 Qxd7 33. cxd5 {[%cal Bc4d5,Bd5d6][%mdl 32]} Ng6 34. d6 Nf8 35. Qb3 {Accuracy: White = 93%, Black = 50%.} 1-0

[Event "Kurnosov Memorial Rapid 2020"]
[Site "Chelyabinsk"]
[Date "2020.09.05"]
[Round "9.2"]
[White "Demidov, Mikhail"]
[Black "Sarana, Alexey"]
[Result "1-0"]
[WhiteElo "2519"]
[BlackElo "2654"]
[Annotator "TA"]
[PlyCount "63"]
[EventDate "2020.09.04"]
[EventType "swiss"]
[EventCountry "RUS"]
[SourceTitle "playchess.com"]
[Source "ChessBase"]
[SourceQuality "1"]

{[%evp 21,63,66,77,70,61,75,68,75,66,75,82,89,107,102,111,115,156,151,146,149,167,164,299,279,388,377,375,372,368,288,258,266,279,281,698,653,624,626,600,598,6370,651,5257,2372]} 1. d4 d5 2. Nf3 Nf6 3. c4 e6 4. e3 Be7 5. Nc3 O-O 6. Bd3 c5 7. O-O cxd4 8. exd4 Nc6 9. cxd5 Nxd5 10. Re1 Nxc3 11. bxc3 b6 12. h4 {D42: Queen's Gambit Declined: Semi-Tarrasch: 5 cxd5 Nxd5 6 e3 Nc6 7 Bd3 .} Bb7 13. Ng5 Bxg5 14. hxg5 {White is slightly better.} Ne7 {[#]} 15. Re3 $146 {Strongly threatening Bxh7+!} ({Predecessor:} 15. Qg4 Nf5 16. Ba3 Re8 17. Bb5 Qd5 18. Re5 Qd8 19. Rae1 Nd6 20. Bxe8 Nxe8 21. c4 Rc8 22. d5 Nc7 23. d6 {1-0 (23) Hoffman,A (2484)-Dominguez,F (2116) Montevideo 2018}) 15... Nf5 16. Rh3 $40 {[%mdl 128] Hoping for g4. Black is in trouble.} Qd5 {[%csl Gb7][%cal Rd5g2]} 17. Bf1 g6 18. Bf4 f6 19. gxf6 Rxf6 20. Be5 Rf7 21. Qg4 Ne7 (21... Rff8 {might work better.} 22. c4 Qd7) 22. Bd3 $18 Kf8 23. c4 Qc6 24. Re1 Rd8 25. Be4 Qc8 26. Bxb7 {[%mdl 64] [#] Overworked Piece} Qxb7 27. Qxe6 Nf5 $2 (27... Qd7) 28. Bf6 {White is clearly winning.} Qd7 29. Bxd8 Qxd8 30. d5 Qg5 31. Qe8+ Kg7 {[#]} 32. Rxh7+ $3 {[%mdl 512] White took control after the opening. Accuracy: White = 95%, Black = 57%.} 1-0

[Event "Kurnosov Memorial Rapid 2020"]
[Site "Chelyabinsk"]
[Date "2020.09.05"]
[Round "9.3"]
[White "Timofeev, Artyom"]
[Black "Artemiev, Vladislav"]
[Result "0-1"]
[WhiteElo "2580"]
[BlackElo "2716"]
[Annotator "TA"]
[PlyCount "174"]
[EventDate "2020.09.04"]
[EventType "swiss"]
[EventCountry "RUS"]
[SourceTitle "playchess.com"]
[Source "ChessBase"]
[SourceQuality "1"]

{[%evp 24,174,18,5,8,0,0,-8,0,-23,-12,-18,0,0,-4,-18,-18,-55,-55,-65,-60,-61,-61,-62,-62,-63,-56,-59,-60,-62,-66,-74,0,-37,-32,-74,-75,-77,-74,-74,-74,-74,-74,-88,-89,-160,-156,-166,-166,-155,-135,-152,-141,-177,-77,-77,-77,-77,-77,-101,-77,-84,-91,-106,-69,-69,-69,-71,0,-85,-69,-69,-69,-69,-69,-69,-69,-91,0,-81,0,0,0,0,0,-74,-74,-74,0,0,0,-8,0,0,0,-8,0,0,0,-8,0,0,0,0,0,0,0,-22,0,-8,-8,-8,-8,-132,-22,-22,-22,-155,0,-30,-30,-30,-30,-178,-178,-178,-30,-30,-30,-30,-32,-39,-83,-29976,-29977,-29977,-29978,-29977,-29979,-29978,-29980,-29980,-29981,-29981,-29982,-29982,-29982,-29987,-29988,-29989,-29990,-29990,-29991]} 1. d4 Nf6 2. c4 g6 3. Nc3 d5 4. cxd5 Nxd5 5. e4 Nxc3 6. bxc3 Bg7 7. Bc4 c5 8. Ne2 O-O 9. O-O Nc6 10. Be3 Bg4 11. f3 Bd7 12. Rc1 Rc8 13. Qd2 {13.Qd2 scores better than 13.dxc5.} Qa5 {D87: Exchange Grünfeld: Classical Line: Variations without ...cxd4.} 14. d5 {was the old line (14.Qb2).} Ne5 15. Bb3 Qa6 {[#] The position is equal.} 16. Rfd1 $146 ({Predecessor:} 16. f4 Nc4 17. Qd3 Nxe3 18. Qxe3 c4 19. Bc2 Qxa2 20. e5 Qa5 21. Ra1 Qxd5 22. Be4 {1-0 (60) Piket,J (2575)-Anand,V (2770) Monte Carlo 1998}) 16... Bb5 17. Nf4 Nc4 18. Bxc4 $1 Bxc4 19. Rc2 Rfd8 20. h4 e6 21. Qf2 Qa4 22. Rdd2 exd5 $1 23. Nxd5 Bxd5 24. Rxd5 Rxd5 25. exd5 Qc4 26. d6 $1 Be5 27. Rd2 $1 Qxc3 ({Black should try} 27... Rd8 $17 28. Bxc5 Bxc3) 28. Rd1 Rd8 29. Bxc5 b6 $36 {[%mdl 2048] Black is in control.} 30. f4 bxc5 31. fxe5 Qxe5 $17 {[%mdl 4096] Endgame KQR-KQR} 32. d7 Kg7 33. Qd2 c4 34. Qd4 (34. Qb4 $142) 34... Qxd4+ 35. Rxd4 {KR-KR} c3 36. Rc4 Rxd7 37. Rxc3 Rd4 38. h5 gxh5 (38... a5 $19 39. hxg6 hxg6) 39. Ra3 Rd7 40. Ra6 f6 41. Kf2 Kg6 42. Kf3 Kg5 43. g3 f5 44. Ra4 Rc7 45. Kf2 Rd7 46. Kf3 $1 h6 47. Kf2 Re7 48. Kf3 Rf7 49. Ra6 Rc7 50. Ra4 Rd7 51. Kf2 $1 Kf6 (51... Rd2+ $17 52. Kf3 Rd7) 52. Ra6+ $11 Ke5 53. Rxh6 Rd2+ 54. Ke3 (54. Kf3 $1 $11) 54... Rxa2 $17 55. Rxh5 Ra3+ (55... Ra4 $1 $17) 56. Kf2 $11 Ra4 57. Rh8 a5 58. Re8+ Kd5 59. Rd8+ Ke6 60. Re8+ Kf7 61. Ra8 Ra1 62. Ra6 a4 {White must now prevent ...a3.} 63. Kf3 a3 64. Kg2 Ke7 65. Kh2 Kd7 66. Ra5 $1 Ke6 67. Kg2 Kf6 68. Kh2 (68. Kf3 $11 {keeps the balance.} a2 69. Kg2) 68... Ra2+ (68... a2 $17 69. Kg2 Ke6 70. Ra6+ Kd7) 69. Kh3 $1 Kg6 70. Ra4 (70. Ra6+ $1 $11 Kg5 71. Ra4) 70... Kg5 $2 (70... Ra1 $1 $17 {aiming for ...a2.} 71. Ra6+ Kg5) 71. Ra5 Kf6 72. Ra6+ $1 Ke5 {Threatens to win with ...Ke4.} 73. Ra5+ (73. Kh4 $11) 73... Ke4 $1 $19 74. Ra4+ {[#]} Kd3 (74... Ke3 $1 $19 {Strongly threatening ...Ra1.} 75. Ra5 Ra1) 75. Kh4 $1 $11 Kc3 {Hoping for ...Kb3.} 76. Ra8 $1 Ra1 {...Kb2 is the strong threat.} 77. Kg5 a2 78. Kxf5 $2 {[%mdl 8192]} (78. Kf6 $17) 78... Rf1+ {Black mates.} 79. Ke6 a1=Q 80. Rxa1 Rxa1 {KR-KP} 81. g4 {[#]} Rg1 $1 82. Kf5 Kd4 83. g5 Kd5 84. Kf6 Kd6 85. g6 Rf1+ 86. Kg7 Ke7 87. Kh7 Rg1 {Accuracy: White = 75%, Black = 82%.} 0-1